000 00349nam a2200145Ia 4500
005 20250508021040.0
008 240331s9999 xx 000 0 und d
082 _bBAL
_a894
100 _aBalasubramaniam, R
245 0 _aUlagamellam viabarihal
260 _aMadras
_bNeelamalar
_c1991
300 _a200 p .,
500 _aA Tamil Novel
942 _cL
999 _c4337
_d4337